Garth Brooks Quiz - Statistics

General Stats
  • This quiz has been taken 106 times
  • The average score is 5 of 10
Answer Stats
Question Answer % Correct
1990 song. "Friends in ___ ______" Low Places
99%
Fellow country singer spouse Trisha Yearwood
86%
He had a short career in this sport Baseball
77%
U.S. State he was born in Oklahoma
73%
His 1990 studio album. "No ______" Fences
65%
His 2014 studio album. "Man Against _______" Machine
55%
Childrens TV show he sang on in 1995 Sesame Street
49%
His 2016 studio album. Gunslinger
11%
He won the 'Grammy Award for Best Country Collaboration with Vocals' with this singer Chris LeDoux
10%
Online music store he founded in 2014 GhostTunes
8%
No matching quizzes found
Score Distribution
Percent of People with Each Score
Percentile by Number Answered
Your Score History
You have not taken this quiz